MKTG / (Record no. 572)

000 -LEADER
fixed length control field 01114cam a2200385 a 4500
003 - CONTROL NUMBER IDENTIFIER
control field CaAEU
005 - DATE AND TIME OF LATEST TRANSACTION
control field 20210615121706.0
008 - FIXED-LENGTH DATA ELEMENTS--GENERAL INFORMATION
fixed length control field 110826s2013 onca b 001 0 eng
020 ## - INTERNATIONAL STANDARD BOOK NUMBER
International Standard Book Number 9780176503697
020 ## - INTERNATIONAL STANDARD BOOK NUMBER
International Standard Book Number 0176503692
040 ## - CATALOGING SOURCE
Transcribing agency NLC
049 ## - LOCAL HOLDINGS (OCLC)
Holding library MAIN
050 #4 - LIBRARY OF CONGRESS CALL NUMBER
Classification number HF5415
Item number .M52 2013
055 00 - CLASSIFICATION NUMBERS ASSIGNED IN CANADA
Classification number HF5415
Item number M52 2012 fol.
090 ## - LOCALLY ASSIGNED LC-TYPE CALL NUMBER (OCLC); LOCAL CALL NUMBER (RLIN)
Classification number (OCLC) (R) ; Classification number, CALL (RLIN) (NR) HF 5415 M52 2013
Local cutter number (OCLC) ; Book number/undivided call number, CALL (RLIN) ACAL
245 00 - TITLE STATEMENT
Title MKTG /
Statement of responsibility, etc. Lamb ... [et al.].
250 ## - EDITION STATEMENT
Edition statement 2nd Canadian ed.
260 ## - PUBLICATION, DISTRIBUTION, ETC.
Place of publication, distribution, etc. Toronto :
Name of publisher, distributor, etc. Nelson Education,
Date of publication, distribution, etc. c2013.
300 ## - PHYSICAL DESCRIPTION
Extent xiii, 380, [40] p. :
Other physical details col. ill. ;
Dimensions 28 cm.
336 ## - CONTENT TYPE
Content type term text
Content type code txt
Source rdacontent
337 ## - MEDIA TYPE
Media type term unmediated
Media type code n
Source rdamedia
338 ## - CARRIER TYPE
Carrier type term volume
Carrier type code nc
Source rdacarrier
500 ## - GENERAL NOTE
General note Cover title.
504 ## - BIBLIOGRAPHY, ETC. NOTE
Bibliography, etc. note Includes bibliographical references and index.
650 #0 - SUBJECT ADDED ENTRY--TOPICAL TERM
Topical term or geographic name entry element Marketing
Form subdivision Textbooks.
650 #0 - SUBJECT ADDED ENTRY--TOPICAL TERM
Topical term or geographic name entry element Marketing
General subdivision Management
Form subdivision Textbooks.
700 1# - ADDED ENTRY--PERSONAL NAME
Personal name Lamb, Charles W.
942 ## - ADDED ENTRY ELEMENTS (KOHA)
Source of classification or shelving scheme
Koha item type Book
Suppress in OPAC SO
949 ## - LOCAL PROCESSING INFORMATION (OCLC)
a HF 5415 M52 2013
c 1
h UAAU-B
i 0162032758201
Holdings
Withdrawn status Lost status Source of classification or shelving scheme Damaged status Not for loan Permanent Location Current Location Shelving location Date acquired Total Checkouts Full call number Barcode Date last seen Price effective from Koha item type Public note
          AU LIBRARY AU LIBRARY Open Shelf 15.06.2021   HF5415 .M52 2013 28002756 15.06.2021 15.06.2021 Book SO

Powered by Koha